Statistiques concernant Histoire commençant par la lettre C

Cliquez ici pour prendre le quiz!

Statistiques générales

  • Ce quiz a été pris 5,360 fois
    (4,225 depuis la dernière actualisation)
  • Le résultat moyen est 14 sur 20

Statistiques - réponses

Indice Réponse % Correct
Il cherchait la route des Indes mais découvrit les Amériques à la placeChristophe Colomb
98%
Reine d'Égypte antique connue notamment pour ses relations avec ce dernierCléopatre
96%
Premier ministre anglais pendant la majeure partie de la seconde guerre mondialeWinston Churchill
89%
Roi des Francs courroné le 25 décembre 800Charlemagne
86%
Capitale de l'Empire byzantinConstantinople
85%
Poignardé pendant les Ides de MarsJules Cesar
83%
Doctrine politique théorisée par Karl MarxCommunisme
82%
Pélérinages armés prêchés par le pape pour s'emparer de la "Terre Sainte" au Moyen-ÂgeCroisades
82%
Prix Nobel en 1911 pour ses travaux sur le Polonium et le RadiumMarie Curie
80%
Drogue utilisé par Sigmund Freud (et Sherlock Holmes)Cocaïne
78%
Civilisation dont les prêtres étaient appelés des druidesCeltes
67%
Pays dévasté par Pol PotCambodge
66%
Ancienne rivale de Rome située dans la Tunisie actuelleCarthage
65%
Période suivant le JurassiqueCrétacé
64%
Amphithéatre FlavienColisée
56%
Philosophe chinois considéré comme le premier "éducateur" de la ChineConfucius
53%
Théologien et pasteur emblématique de la Réforme protestante du XVIe siècleJean Calvin
50%
Fondateur de la théorie de l'héliocentrismeNicolas Copernic
49%
Navigateur et explorateur britannique décédé à HawaïJames Cook
41%
Empereur romain "fou" précédé par TibèreCaligula
41%

Distribution des résultats

Percentile by Number Answered

% des personnes avec chaque résultat

Votre développement - résultats

Vous n’avez pas pris ce quiz depuis la dernière actualisation